000 01368nam a22003374a 4500
001 ebr10053020
003 CaPaEBR
006 m u
007 cr cn|||||||||
008 000711s2000 maua sb 001 0 eng
010 _z 00059284
020 _z0792379551
040 _aCaPaEBR
_cCaPaEBR
035 _a(OCoLC)70771540
050 1 4 _aTK5103.4
_b.B48 2000eb
082 0 4 _a621.382/12
_221
100 1 _aBing, Benny.
245 1 0 _aBroadband wireless access
_h[electronic resource] /
_cBenny Bing.
260 _aBoston :
_bKluwer Academic Publishers,
_cc2000.
300 _axxi, 262 p. :
_bill.
490 1 _aKluwer international series in engineering and computer science ;
_vSECS 578
504 _aIncludes bibliographical references and index.
533 _aElectronic reproduction.
_bPalo Alto, Calif. :
_cebrary,
_d2013.
_nAvailable via World Wide Web.
_nAccess may be limited to ebrary affiliated libraries.
650 0 _aBroadband communication systems.
650 0 _aMultimedia systems
_vCongresses.
650 0 _aComputer network protocols.
655 7 _aElectronic books.
_2local
710 2 _aebrary, Inc.
830 0 _aKluwer international series in engineering and computer science ;
_vSECS 578.
856 4 0 _uhttp://site.ebrary.com/lib/rucke/Doc?id=10053020
_zAn electronic book accessible through the World Wide Web; click to view
999 _c65160
_d65160